000 00932nas a2200265 4500
001 BR8400551
003 BR-BrBNA
005 20231205085752.0
007 ta
008 230509b bl.|||p| |||| 00| 00por d
040 _aBR-BrBNA
_bpor
_cBiblioteca Nacional de Agricultura
041 _a(Pt)
072 _aL10
100 1 _aEsper, C.R.
100 1 _aMegale, F.
100 1 _aMacpherson, J.W.
245 1 _aViabilidade do semen bovino descongelado e rediluido, mantido a 4 graus centigrados e seu confronto com a fertilidade
246 1 _aViability of unfrozen and rediluted bovine semen maintained at 4 degrees Centigrades and its comparison with fertility
650 _aBOVINO
650 _aSEMEN
650 _aFERTILIDADE ANIMAL
773 0 _tRevista Brasileira de Reproducao Animal (Brazil)
_xISSN 0102-0803
_g(1983), v. 7(1) p. 29-39
_wBR8400551
909 _a202311
_bLúcia
_c55
_dLúcia Elande
942 _2AGRIS
_n0
_cANA
999 _c113681
_d113681